| 000 | 00930nmc a2200337 a 4500 | ||
|---|---|---|---|
| 003 | AR-BaBNM | ||
| 005 | 20251128204502.0 | ||
| 008 | 011101s1992 ||||||||||||||000 | spa|| | ||
| 020 | _a950-13-6321-X | ||
| 040 | _cAR-BaBNM | ||
| 100 | 1 | _aSánchez, Benjamín | |
| 245 | 1 | 0 |
_aLectura _bdiagnóstico, enseñanza y recuperación |
| 260 |
_aBuenos Aires _bKapelusz _c1992 |
||
| 300 |
_a111 p. _bcuadros |
||
| 490 | 0 | _aPedagogía práctica | |
| 500 | _aContiene anexos | ||
| 650 | 4 | _aENSENANZA DE LA LECTURA | |
| 650 | 4 | _aLECTURA EN VOZ ALTA | |
| 650 | 4 | _aLECTURA SILENCIOSA | |
| 650 | 4 | _aPRUEBAS DE DIAGNOSTICO | |
| 650 | 4 | _aPRUEBAS DE LECTURA | |
| 650 | 4 | _aPROCESO DE APRENDIZAJE | |
| 650 | 4 | _aLECTURA RAPIDA | |
| 650 | 4 | _aMETODOS DE ENSENANZA | |
| 650 | 4 | _aTECNICAS DIDACTICAS | |
| 650 | 4 | _aDRAMATIZACION | |
| 650 | 4 | _aMATERIAL DE LECTURA | |
| 653 | _aCOMPRENSION LECTORA | ||
| 942 | _cBK | ||
| 998 | _cGrace | ||
| 999 |
_c7608 _d7608 |
||